Vista normal
Vista MARC
Entrada Meeting Name
Número de registros utilizados en: 3
001 - CONTROL NUMBER
- control field: 2694
003 - CONTROL NUMBER IDENTIFIER
- control field: OSt
005 - DATE AND TIME OF LATEST TRANSACTION
- control field: 20131010134858.0
008 - FIXED-LENGTH DATA ELEMENTS
- fixed length control field: 131010|||a|||||| | ||| d
040 ## - CATALOGING SOURCE
- Original cataloging agency: OSt
- Transcribing agency: OSt
111 ## - HEADING--MEETING NAME
- Meeting name or jurisdiction name as entry element: Asociacion Argentina de Cirugia
670 ## - SOURCE DATA FOUND
- Source citation: Work cat.: (OSt): Asociacion Argentina de Cirugia, 71º Congreso Argentino de Cirugia, 44º Congreso Argentino de Cirugia Toracica, 25º Congreso Argentino de Coloproctologia, 27º Jornadas Argentinas de Angiologia y Cirugia Cardiovascular, 9º Congreso Sudamericano de Cirugia Toracica, 1º Jornadas Nacionales de Medicos Residentes de Cirugia General, 2000